Szczegóły MARC21

Die deutschsprachige Literatur in Übungen : literatura niemieckojęzyczna w ćwiczeniach /

003 -Nazwa inst., której nr kontr. jest w polu 001 [,]
    • @
    • Nazwa instytucji, której n kontrolny jest w polu 001
    • NUKAT
005 -DATA I CZAS OSTATNIEJ MODYFIKACJI [,]
    • @
    • pole kontrolne
    • 20241231091749.0
020 -Międzynarod. znormalizowany nr książki - ISBN [ , ]
    • a
    • Numer ISBN
    • 9788395550119 Find
040 -Instytucja sporządzająca opis [ , ]
    • a
    • Instytucja, która sporządziła opis (NP)
    • SZCZ U/KP
    • b
    • Język katalogowania
    • pol
    • e
    • Zasady katalogowania
    • rda
    • c
    • Instytucja, która sporządziła rekord (NP)
    • SZCZ U/KPs
    • d
    • Instytucja, która zmodyfikowała rekord (P)
    • SZCZ U/KP
942 -Rodzaj dokumentu [ , ]
    • c
    • Rodzaj dokumentu
    • Książka
100 -Hasło główne - nazwa osobowa [1, ]
    • a
    • Nazwa osobowa (NP)
    • Kłopotowska, Justyna.
    • e
    • Rodzaj współpracy
    • Autor
    • 9
    • KHW
    • 624412
245 -Strefa tytułu i oznaczenia odpowiedzialności [1,4]
    • a
    • Tytuł
    • Die deutschsprachige Literatur in Übungen : Find
    • b
    • Ciąg dalszy tytułu (NP)
    • literatura niemieckojęzyczna w ćwiczeniach / Find
    • c
    • Pozostałe elementy strefy tytułu i oznaczenia odpowiedzialności (NP)
    • Justyna Kłopotowska.
246 -Wariant tytułu [1,0]
    • a
    • Tytuł (NP)
    • Literatura niemieckojęzyczna w ćwiczeniach
246 -Wariant tytułu [1,0]
    • a
    • Tytuł (NP)
    • Niemieckojęzyczna literatura w ćwiczeniach
250 -Strefa wydania [ , ]
    • a
    • Oznaczenie wydania (NP)
    • Wydanie 1.
260 -Strefa adresu wydawniczego [ , ]
    • a
    • Miejsce wydania (P)
    • Warszawa :
    • b
    • Nazwa wydawcy (P)
    • Aurea Lingua,
    • c
    • Data wydania (P)
    • 2020.
300 -Strefa opisu fizycznego [ , ]
    • a
    • Określenie formy książki i/lub objętość (NP)
    • 141 stron :
    • b
    • Oznaczenie ilustracji (NP)
    • ilustracje ;
    • c
    • Format (NP)
    • 30 cm.
336 -Typ zawartości [ , ]
    • a
    • Termin opisujący typ zawartości
    • Tekst
    • b
    • Kod określający zawartość
    • txt
    • 2
    • Źródło (terminu i kodu)
    • rdacontent
337 -Typ mediów [ , ]
    • a
    • Tryb odtwarzania
    • Bez urządzenia pośredniczącego
    • b
    • Kod typu mediów
    • n
    • 2
    • Źródło (terminu i kodu)
    • rdamedia
338 -Typ/rodzaj nośnika [ , ]
    • a
    • Hasło opisujące typ nośnika
    • Wolumin
    • b
    • Kod typu nośnika
    • nc
    • 2
    • Źródło (terminu i kodu)
    • rdacarrier
504 -Uwaga dot. bibliogr. załącznikowej [ , ]
    • a
    • Uwaga dot. bibliografii załącznikowej
    • Bibliografia na stronach 139-141.
650 -Hasło przedmiotowe [ ,7]
    • a
    • Hasło przedmiotowe
    • Literatura niemieckojęzyczna
    • x
    • Określnik rzeczowy
    • studia i nauczanie.
    • 2
    • Źródło terminu
    • kaba
    • 9
    • KHW
    • 509136
710 -Hasło dodatkowe - nazwa ciała zbiorowego [2, ]
    • a
    • Nazwa ciała zbiorowego lub nazwa geograficzna jako pierwszy element (NP)
    • Aurea Lingua.
    • e
    • Rodzaj współpracy
    • Wydawca
    • 4
    • Kod relacji
    • pbl
    • 9
    • KHW
    • 624413
920 -ISBN [ , ]
    • a
    • ISBN
    • 978-83-955501-1-9 Find
Status udost. Numer inwentarzowy Data inwentaryzacji Lokalizacja Sygnatura
-3BJM.10842022-03-01BM 
-3BJM.10852022-03-01BMGerm. Nauka jęz.-literatura 10
-3BJM.10862022-03-01BM 
-3BJM.10872022-03-01BM 
-3BJM.10882022-03-01BM 
-3BJM.10892022-03-01BM 
-3BJM.10902022-03-01BM 
-3BJM.10912022-03-01BM 
-3BJM.10922022-03-01BMGerm. Nauka jęz.-literatura 11
-3BJM.10932022-03-01BM 
-3BJM.10942022-03-01BM 
-3BJM.10952022-03-01BM 
-3BJM.10962022-03-01BM 
-3BJM.10972022-03-01BM 
1G.216832022-03-01BMGERM. Nauka jęz.-literatura 16